|
|
|
|
| LEADER |
00000nam0a2200000 4500 |
| 001 |
132526 |
| 005 |
20231101220354.0 |
| 010 |
|
|
|a 9785941781539
|
| 035 |
|
|
|a (RuTPU)RU\TPU\book\143497
|
| 090 |
|
|
|a 132526
|
| 100 |
|
|
|a 20080304d2008 m y0rusy50 ca
|
| 101 |
0 |
|
|a rus
|
| 102 |
|
|
|a RU
|
| 105 |
|
|
|a a j 001zy
|
| 200 |
1 |
|
|a Технологические регламенты процессов металлообработки и сборки в машиностроении
|e учебное пособие
|f А. Г. Схиртладзе [и др.]
|
| 205 |
|
|
|a 2-е изд., перераб. и доп.
|
| 210 |
|
|
|a Старый Оскол
|c ТНТ
|d 2008
|
| 215 |
|
|
|a 424 с.
|c ил.
|
| 320 |
|
|
|a Литература: с. 371-373.
|
| 330 |
|
|
|a Книга содержит основные сведения по разработке технологических процессов механической обработки и сборки в машиностроении. В ней описана структура документов, приведены типовые записи содержания операций, включены сведения о принятой в настоящее время системе кодирования заготовок, операций, профессий, технологического оборудования и инструментов, современные обозначения средств базирования. Рассмотрены правила анализа конструкции изделия на технологичность, дана оценка технических требований к нему. Показаны графические изображения разноплановых схем обработки, и расчётные формулы для определения технологического времени. Справочный материал включает сведения о способах достижения заданной точности, последовательности выполнения операций, типовые маршруты изготовления деталей в условиях серийного производства. Широко представлены схемы инструментальных наладок для основных типов металлообрабатывающих станков, описаны способы контроля точности, приведены типовые требования к станочным приспособлениям. Список литературы отражает современную тенденцию развития машиностроения. Учебное пособие предназначено для студентов машиностроительных направлений и специальностей, а также может быть рекомендовано широкому кругу инженерно-технических работников машино- и приборостроения.
|
| 606 |
1 |
|
|a Механическая обработка
|x Технология
|2 stltpush
|3 (RuTPU)RU\TPU\subj\43590
|9 63073
|
| 610 |
1 |
|
|a машиностроение
|
| 610 |
1 |
|
|a металлообработка
|
| 610 |
1 |
|
|a технологические документы
|
| 610 |
1 |
|
|a технологическое оборудование
|
| 610 |
1 |
|
|a операции
|
| 610 |
1 |
|
|a коды
|
| 610 |
1 |
|
|a профессии
|
| 610 |
1 |
|
|a заготовки
|
| 610 |
1 |
|
|a режущие инструменты
|
| 610 |
1 |
|
|a контрольно-измерительные инструменты
|
| 610 |
1 |
|
|a технологическая оснастка
|
| 610 |
1 |
|
|a обработка
|
| 610 |
1 |
|
|a параметры
|
| 610 |
1 |
|
|a условные обозначения
|
| 610 |
1 |
|
|a технологическое время
|
| 610 |
1 |
|
|a расчетные формулы
|
| 610 |
1 |
|
|a схемы
|
| 610 |
1 |
|
|a заготовки
|
| 610 |
1 |
|
|a отливки
|
| 610 |
1 |
|
|a поковки
|
| 610 |
1 |
|
|a механическая обработка
|
| 610 |
1 |
|
|a точность
|
| 610 |
1 |
|
|a качество
|
| 610 |
1 |
|
|a припуски
|
| 610 |
1 |
|
|a установка
|
| 610 |
1 |
|
|a закрепление
|
| 610 |
1 |
|
|a детали
|
| 610 |
1 |
|
|a конструкции
|
| 610 |
1 |
|
|a сборочные узлы
|
| 610 |
1 |
|
|a технологичность
|
| 610 |
1 |
|
|a поверхности
|
| 610 |
1 |
|
|a серийное производство
|
| 610 |
1 |
|
|a металлообрабатывающие станки
|
| 610 |
1 |
|
|a технологические наладки
|
| 610 |
1 |
|
|a станочные приспособления
|
| 610 |
1 |
|
|a сборка
|
| 610 |
1 |
|
|a разборка
|
| 610 |
1 |
|
|a учебные пособия
|
| 675 |
|
|
|a 621.91(075.8)
|v 3
|
| 701 |
|
1 |
|a Схиртладзе
|b А. Г.
|g Александр Георгиевич
|
| 701 |
|
1 |
|a Борискин
|b В. П.
|g Владимир Петрович
|
| 701 |
|
1 |
|a Пульбере
|b А. И.
|g Александр Иванович
|
| 701 |
|
1 |
|a Чупина
|b Л. А.
|g Людмила Алексеевна
|
| 701 |
|
1 |
|a Чупин
|b И. В.
|g Игорь Васильевич
|
| 801 |
|
1 |
|a RU
|b 63413507
|c 20080304
|g PSBO
|
| 801 |
|
2 |
|a RU
|b 63413507
|c 20150707
|g PSBO
|
| 900 |
|
|
|a Технология машиностроения
|
| 900 |
|
|
|a Технология машиностроительного производства
|
| 900 |
|
|
|a Технологические процессы машиностроительного производства
|
| 900 |
|
|
|a Основы технологии машиностроения
|
| 900 |
|
|
|a Конструкции технологического оборудования
|
| 900 |
|
|
|a Диагностические системы, приборы и аппаратура контроля технологического оборудования
|
| 942 |
|
|
|c BK
|
| 951 |
|
|
|b 151000
|
| 959 |
|
|
|a 25/20080304
|d 3
|e 350,00
|f АНЛ:2
|f ЧЗТЛ:1
|